01432nam a2200301 a 4500001001000000005001700010008004100027041000800068044000800076084002000084100004500104245012300149260006800272300003400340500014300374500005300517500013200570500008000702500001100782546002400793650005200817650005600869650003400925650004500959700003901004700003701043740005001080BRCA_333820190320204230.0250309s1885----enk#---###---#000-0#eng-# aeng aenk a632b.R68c18851 aCervantes Saavedra, Miguel ded1547-161610aEl Ingenioso Hidalgo Don Quixote de la ManchacComposed by Miguel de Cervantes Saavedra; Translated by Charles Jarvis. aLondres : Glasgow : Nueva YorkbGeorge Routledge and Sonsc1885 a1 v. en 2 partesbil.c19 cm. aContenido : Primera parte. Introducción de H. Morley. Versos preliminares. Prólogo de Cervantes. Segunda parte. Prólogo de Cervantes aEdición : With an Introduction by Henry Morley aReimpresión, en un volúmen, de la traducción de Jarvis, publicada en 1885, por los mismos editores. Tela Lúdovik Osterc aEstado físico : Al ejemplar le falta la lámina que precede a la portada aQM1360 aTexto en : inglés14aNovela españolayÉpoca clásica, 1500-170014aLiteratura españolayÉpoca clásica, 1500-170014aNovela españolaySiglo XVII14aDon Quijote (Personaje ficticio)eNovela1 aJarvis, Charlesd?-1739eTraductor1 aMorley, Henryd1822-1894eEditor0 aEl Ingenioso Hidalgo Don Quijote de la Mancha